High performance through Business Process Management: strategy execution in a digital world

Guardat en:
Dades bibliogràfiques
Autor principal: Kirchmer, Mathias (Autor)
Format: Llibre
Idioma:anglès
Publicat: s.l Springer 2017
Edició:3a. ed
Matèries:
Etiquetes: Afegir etiqueta
Sense etiquetes, Sigues el primer a etiquetar aquest registre!

MARC

LEADER 00000cam a2200000 a 4500
001 UCC1416
003 CL-VaPUC
008 171025e20170000sz |||||||||||||||||eng|d
020 |a 9783319512587 
082 0 4 |a 658.500285  |b KIR  |2 21 
100 0 |a Kirchmer, Mathias  |e author  |9 595498 
245 1 0 |a High performance through Business Process Management: strategy execution in a digital world 
250 |a 3a. ed 
300 |a 221 p 
942 |c BK 
945 |d 20171025 21:08:00  |a dcastane 
260 |a s.l  |b Springer  |c 2017 
650 7 |a REINGENIERIA DE PROCESOS  |2 CL-VaPUC  |9 461288 
650 0 |a Proceso de datos   |9 259776 
650 0 |a Business process modeling notation(BPMN)  |9 543872 
650 7 |a MANEJO DE INFORMACION  |2 CL-VaPUC  |9 525292 
650 0 |a Sistemas de información   |9 260286 
583 |a last modification  |c 20171025 21:08:00  |k Rodrigo Vera 
999 |c 369931  |d 369929 
952 |0 0  |1 0  |3 erd  |4 0  |6 658_500285000000000_KIR_2017  |7 0  |8 A  |9 486112  |a BIBING  |b BIBING  |i 5432669  |o 658.500285 KIR 2017  |p 5432669  |r 2025-01-20  |w 2019-11-24  |y BK  |z Catalogado en:20171025  |k EII